[Event "WinterChess sub 2200 enero 2013"]
[Site "Palma de Mallorca ESP"]
[Date "2013.01.14"]
[Round "3.21"]
[White "Serra Canaves, Antonio"]
[Black "Caliz Morales, Felipe"]
[Result "0-1"]
[WhiteElo "1731"]
[BlackElo "1838"]
[PlyCount "44"]
[EventDate "2013.01.12"]
[EventType "swiss"]
[EventRounds "9"]
[EventCountry "ESP"]
[Source "lmi"]
[SourceDate "2013.01.12"]

1. e4 d6 2. d4 g6 3. Nc3 Bg7 4. f4 Nf6 5. Nf3 c6 6. Bd3 Bg4 7. O-O Qb6 8. Na4
Qa5 9. c3 b5 10. e5 Qxa4 11. Qxa4 bxa4 12. exf6 Bxf6 13. a3 Bd7 14. Bd2 O-O 15.
Rae1 e6 16. Bc2 c5 17. dxc5 dxc5 18. Be3 Rc8 19. Rd1 Bc6 20. Ne5 Be8 21. Rd2
Nc6 22. Rfd1 Nxe5 0-1

[Event "WinterChess sub 2200 enero 2013"]
[Site "Palma de Mallorca ESP"]
[Date "2013.01.14"]
[Round "3.22"]
[White "Rodriguez Bennassar, Miquel A"]
[Black "Trillo-Figueroa Vidal, Antonio"]
[Result "0-1"]
[WhiteElo "1452"]
[BlackElo "1743"]
[PlyCount "86"]
[EventDate "2013.01.12"]
[EventType "swiss"]
[EventRounds "9"]
[EventCountry "ESP"]
[Source "lmi"]
[SourceDate "2013.01.12"]

1. d4 d5 2. g3 Nf6 3. Nf3 e6 4. Bg2 Nbd7 5. O-O c5 6. Ne5 cxd4 7. Nxd7 Bxd7 8.
Qxd4 Qc7 9. Qc3 Bc6 10. Bf4 Bd6 11. Bxd6 Qxd6 12. Rd1 Qe7 13. b4 O-O 14. a4
Rac8 15. Qb3 b6 16. Na3 Rfd8 17. c4 dxc4 18. Rxd8+ Rxd8 19. Nxc4 Bxg2 20. Kxg2
Qb7+ 21. Kg1 Qd5 22. Qd3 Qxd3 23. exd3 Rxd3 24. Ne5 Rd8 25. Nc6 Rd7 26. b5 Nd5
27. Ra3 f6 28. a5 Kf7 29. axb6 axb6 30. Kg2 h5 31. h4 Ne7 32. Ra6 Nd5 33. Ra3
g6 34. Kf3 e5 35. Ke4 Ke6 36. Kf3 Kd6 37. Ke2 Kc5 38. Na7 Kb4 39. Ra1 Nc3+ 40.
Ke3 Rd1 41. Ra6 Nd5+ 42. Ke2 Rb1 43. Ra2 Nc3+ 0-1

[Event "WinterChess sub 2200 enero 2013"]
[Site "Palma de Mallorca ESP"]
[Date "2013.01.14"]
[Round "3.23"]
[White "Porcel Jimenez, Ramon"]
[Black "Carranza Pons, Ricardo Nelson"]
[Result "1-0"]
[WhiteElo "1447"]
[BlackElo "1741"]
[PlyCount "69"]
[EventDate "2013.01.12"]
[EventType "swiss"]
[EventRounds "9"]
[EventCountry "ESP"]
[Source "lmi"]
[SourceDate "2013.01.12"]

1. e4 Nf6 2. e5 Nd5 3. d4 d6 4. c4 Nb6 5. Nf3 Bg4 6. Be2 Nc6 7. Nc3 Bxf3 8.
gxf3 dxe5 9. dxe5 Qxd1+ 10. Nxd1 Nxe5 11. b3 O-O-O 12. Be3 Nd3+ 13. Bxd3 Rxd3
14. Ke2 Rd8 15. Nc3 e6 16. Rad1 Be7 17. Ne4 h6 18. Bd4 Rhg8 19. Rhg1 f6 20. Bc5
Rde8 21. Bxe7 Rxe7 22. Nxf6 Rf8 23. Ng4 Nd7 24. h4 h5 25. Ne3 Rf4 26. Ng2 Rf6
27. Rd3 Ne5 28. Re3 Nc6 29. Rd1 Rd7 30. Rxd7 Kxd7 31. Rd3+ Ke7 32. Ne3 Ne5 33.
Rd4 Nxf3 34. Re4 g6 35. Nd5+ 1-0

[Event "WinterChess sub 2200 enero 2013"]
[Site "Palma de Mallorca ESP"]
[Date "2013.01.14"]
[Round "3.24"]
[White "Alemany Ramon, Angel"]
[Black "Jaume Pons, Antonio"]
[Result "0-1"]
[WhiteElo "1394"]
[BlackElo "1716"]
[PlyCount "74"]
[EventDate "2013.01.12"]
[EventType "swiss"]
[EventRounds "9"]
[EventCountry "ESP"]
[Source "lmi"]
[SourceDate "2013.01.12"]

1. d4 Nf6 2. Nf3 e6 3. Bf4 b6 4. e3 Bb7 5. Nbd2 c5 6. c3 Nc6 7. Bd3 Rc8 8. Ne5
d6 9. Nxc6 Bxc6 10. Nf3 Be7 11. Qc2 c4 12. Be2 b5 13. Rg1 Be4 14. Qd2 Bg6 15.
Qc1 Ne4 16. Nd2 e5 17. Bg3 exd4 18. Nxe4 Bxe4 19. cxd4 O-O 20. Qc3 d5 21. b4
Ra8 22. Kd2 a5 23. a3 Ra7 24. f3 Bg6 25. f4 Qb6 26. Bg4 Be4 27. Bf3 f5 28. Bxe4
fxe4 29. Bf2 Rfa8 30. Rgb1 axb4 31. axb4 Bxb4 32. Qxb4 Rxa1 33. Rxa1 Rxa1 34.
Qe7 Qa5+ 35. Kc2 Qa2+ 36. Kc3 Qb3+ 37. Kd2 Qd3# 0-1

[Event "WinterChess sub 2200 enero 2013"]
[Site "Palma de Mallorca ESP"]
[Date "2013.01.14"]
[Round "3.25"]
[White "Serralta Font, Carles"]
[Black "Nadal Tur, Antonio"]
[Result "0-1"]
[WhiteElo "1373"]
[BlackElo "1706"]
[PlyCount "52"]
[EventDate "2013.01.12"]
[EventType "swiss"]
[EventRounds "9"]
[EventCountry "ESP"]
[Source "lmi"]
[SourceDate "2013.01.12"]

1. e4 c6 2. d4 d5 3. e5 Bf5 4. Nf3 e6 5. a3 Nd7 6. c4 Ne7 7. Nc3 dxc4 8. Bxc4
Nb6 9. Ba2 Bg4 10. Ne4 Nf5 11. Qd3 Bxf3 12. Qxf3 Nxd4 13. Qd1 Nf5 14. O-O Qxd1
15. Rxd1 Nd5 16. Rd3 Be7 17. Bd2 O-O 18. Rc1 Rfd8 19. b4 Nc7 20. a4 Rxd3 21.
Bg5 Bxg5 22. Nxg5 Rad8 23. g3 Rd1+ 24. Rxd1 Rxd1+ 25. Kg2 Rd2 26. Bc4 Ne3+ 0-1

[Event "WinterChess sub 2200 enero 2013"]
[Site "Palma de Mallorca ESP"]
[Date "2013.01.14"]
[Round "3.26"]
[White "Abrines Sampol, Lorenzo"]
[Black "Rubert Cabrillana, Antonio"]
[Result "1-0"]
[WhiteElo "1701"]
[BlackElo "1297"]
[PlyCount "65"]
[EventDate "2013.01.12"]
[EventType "swiss"]
[EventRounds "9"]
[EventCountry "ESP"]
[Source "lmi"]
[SourceDate "2013.01.12"]

1. e4 e5 2. Nf3 Nf6 3. Nxe5 d6 4. Nf3 Nxe4 5. Be2 Be6 6. O-O c5 7. d3 Nf6 8. d4
c4 9. c3 d5 10. Re1 g6 11. Ng5 h5 12. Nxe6 fxe6 13. Bg5 Nbd7 14. Qc2 Rg8 15.
Bf3 Qb6 16. Nd2 O-O-O 17. b3 Qc6 18. bxc4 Re8 19. Rab1 Be7 20. c5 Nh7 21. Bxe7
Rxe7 22. Nc4 b6 23. Ne3 Ndf6 24. cxb6 Ng5 25. Be2 axb6 26. Qb3 Rb7 27. Ba6 Nge4
28. Qxb6 Qxb6 29. Rxb6 Nd6 30. Rxd6 Kc7 31. Rxe6 Rb6 32. Rxb6 Kxb6 33. Bd3 1-0

[Event "WinterChess sub 2200 enero 2013"]
[Site "Palma de Mallorca ESP"]
[Date "2013.01.14"]
[Round "3.27"]
[White "Coll Verger, Amador"]
[Black "Castell Cantero, Jose Juan"]
[Result "0-1"]
[WhiteElo "1712"]
[BlackElo "1530"]
[PlyCount "54"]
[EventDate "2013.01.12"]
[EventType "swiss"]
[EventRounds "9"]
[EventCountry "ESP"]
[Source "lmi"]
[SourceDate "2013.01.12"]

1. c4 Nf6 2. Nc3 c6 3. g3 e6 4. Bg2 d5 5. cxd5 exd5 6. d4 Bd6 7. Nf3 Bf5 8. O-O
O-O 9. Nh4 Bg4 10. f3 Bh5 11. Qb3 Qe7 12. Nf5 Qc7 13. Nxd6 Qxd6 14. Qxb7 Nbd7
15. Bf4 Qe7 16. Qxc6 Rac8 17. Qa6 Nb6 18. Qd3 Bg6 19. Qb5 Rc4 20. Qb3 Rxd4 21.
Rad1 Rb4 22. Qa3 Nc4 23. Qa6 Rxb2 24. Rd4 Qc5 25. e3 Nxe3 26. Bxe3 Qxc3 27. Bf2
Rxf2 0-1

[Event "WinterChess sub 2200 enero 2013"]
[Site "Palma de Mallorca ESP"]
[Date "2013.01.14"]
[Round "3.29"]
[White "Martinez Fernandez, Emma"]
[Black "Cristea, Adrian"]
[Result "0-1"]
[WhiteElo "1507"]
[BlackElo "1582"]
[PlyCount "68"]
[EventDate "2013.01.12"]
[EventType "swiss"]
[EventRounds "9"]
[EventCountry "ESP"]
[Source "lmi"]
[SourceDate "2013.01.12"]

1. e4 d5 2. d4 dxe4 3. Nc3 e5 4. Bc4 Nf6 5. dxe5 Qxd1+ 6. Nxd1 Ng4 7. Ne3 Nxe5
8. Bb3 Na6 9. Bd2 Nc5 10. Nd5 Bd6 11. Ne2 a5 12. a4 Be6 13. Ndf4 Bxb3 14. cxb3
g5 15. Nh5 Nxb3 16. Rd1 O-O-O 17. Bxg5 Bb4+ 18. Nc3 Rxd1+ 19. Kxd1 Rg8 20. h4
h6 21. Bf6 Bxc3 22. bxc3 Ng4 23. Kc2 Nc5 24. Rd1 Nxf6 25. Nxf6 Rxg2 26. Rd2
Nxa4 27. Nxe4 b6 28. Rd4 f5 29. Rxa4 fxe4 30. Rxe4 Rxf2+ 31. Kb3 Rf6 32. c4 Kd7
33. Re5 c6 34. Ka4 Kd6 0-1

[Event "WinterChess sub 2200 enero 2013"]
[Site "Palma de Mallorca ESP"]
[Date "2013.01.15"]
[Round "4.1"]
[White "Bestard Borras, Miguel"]
[Black "Shen, Yue"]
[Result "0-1"]
[WhiteElo "2178"]
[BlackElo "2150"]
[PlyCount "68"]
[EventDate "2013.01.12"]
[EventType "swiss"]
[EventRounds "9"]
[EventCountry "ESP"]
[Source "lmi"]
[SourceDate "2013.01.12"]

1. e4 c6 2. c4 d5 3. cxd5 cxd5 4. exd5 Nf6 5. Qa4+ Nbd7 6. Nc3 a6 7. Nf3 Rb8 8.
d4 b5 9. Qb3 Nb6 10. Ne5 Rb7 11. Nc6 Qd6 12. Nb4 Rd7 13. Nxb5 axb5 14. Bxb5 e6
15. Nd3 Qxd5 16. Qxd5 Nbxd5 17. Bd2 Bd6 18. a4 Ke7 19. Bxd7 Bxd7 20. Ke2 Rc8
21. b3 Ne4 22. Rhc1 Nxd2 23. Kxd2 Nb4 24. g3 Nxd3 25. Kxd3 Rb8 26. Rcb1 e5 27.
dxe5 Bxe5 28. Re1 Kf6 29. Rab1 Bf5+ 30. Kc4 Be6+ 31. Kc5 Bxb3 32. f4 Bc3 33.
Re3 Bb4+ 34. Kc6 Bxa4+ 0-1

[Event "WinterChess sub 2200 enero 2013"]
[Site "Palma de Mallorca ESP"]
[Date "2013.01.15"]
[Round "4.2"]
[White "Guerreiro, Nuno"]
[Black "Gaya Llodra, Juan"]
[Result "1-0"]
[WhiteElo "2085"]
[BlackElo "2173"]
[PlyCount "72"]
[EventDate "2013.01.12"]
[EventType "swiss"]
[EventRounds "9"]
[EventCountry "ESP"]
[Source "lmi"]
[SourceDate "2013.01.12"]

1. Nf3 Nf6 2. g3 g6 3. Bg2 Bg7 4. O-O d5 5. d3 O-O 6. Nbd2 c5 7. e4 Nc6 8. Re1
Qc7 9. c3 Rd8 10. a4 b6 11. Qc2 Ba6 12. exd5 Nxd5 13. Nc4 h6 14. Bd2 Rd7 15.
Rad1 Rad8 16. Bh3 Bb7 17. Qc1 Kh7 18. Bxd7 Qxd7 19. Re4 Nf6 20. Rh4 h5 21. Bf4
Qd5 22. Ng5+ Kg8 23. Ne3 Qd7 24. Nc4 Nd5 25. Ne4 f5 26. Bg5 Qe6 27. Ned2 Nf6
28. Re1 Qd5 29. Ne3 Qxd3 30. Ndc4 Ne4 31. Bxe7 Re8 32. Rd1 Qe2 33. Rxe4 fxe4
34. Rd2 Qf3 35. Bg5 Rf8 36. Qd1 Qf5 1-0

[Event "WinterChess sub 2200 enero 2013"]
[Site "Palma de Mallorca ESP"]
[Date "2013.01.15"]
[Round "4.3"]
[White "Vallespir Salor, Gabriel"]
[Black "Perez Prieto, German"]
[Result "1-0"]
[WhiteElo "2102"]
[BlackElo "1839"]
[PlyCount "103"]
[EventDate "2013.01.12"]
[EventType "swiss"]
[EventRounds "9"]
[EventCountry "ESP"]
[Source "lmi"]
[SourceDate "2013.01.12"]

1. c4 Nf6 2. Nf3 e6 3. g3 d5 4. Bg2 c5 5. cxd5 exd5 6. d4 Nc6 7. O-O cxd4 8.
Nxd4 Be7 9. Nxc6 bxc6 10. Qc2 Qb6 11. Be3 Qc7 12. Rc1 Bd7 13. Nc3 Qb7 14. Na4
O-O 15. Bc5 Rfe8 16. Bxe7 Rxe7 17. Nc5 Qc8 18. Nxd7 Qxd7 19. e3 Rc8 20. b4 Qd6
21. Qc5 Qxc5 22. Rxc5 Ne4 23. Rc2 f5 24. Rac1 Rec7 25. Bh3 g6 26. g4 Ng5 27.
Bg2 Ne4 28. gxf5 gxf5 29. Bh3 Nd6 30. f3 Kf7 31. Kf2 Kf6 32. a4 Ke7 33. Bf1 Rb8
34. b5 c5 35. Rxc5 Rxc5 36. Rxc5 Rc8 37. Rxc8 Nxc8 38. Bd3 Ke6 39. Ke2 h6 40.
Kd2 Ne7 41. Kc3 Kd6 42. Kd4 a6 43. h3 axb5 44. Bxb5 Nc8 45. a5 Na7 46. Ba4 Ke6
47. Kc5 Ke5 48. Bb3 f4 49. exf4+ Kxf4 50. Bxd5 Kg3 51. Be6 Kxf3 52. Kb6 1-0

[Event "WinterChess sub 2200 enero 2013"]
[Site "Palma de Mallorca ESP"]
[Date "2013.01.15"]
[Round "4.5"]
[White "Orcera Gomez, Francisco"]
[Black "Ponce Cano, Adrian"]
[Result "0-1"]
[WhiteElo "1783"]
[BlackElo "2078"]
[PlyCount "56"]
[EventDate "2013.01.12"]
[EventType "swiss"]
[EventRounds "9"]
[EventCountry "ESP"]
[Source "lmi"]
[SourceDate "2013.01.12"]

1. d4 d5 2. e3 e6 3. Bd3 c5 4. c3 Nc6 5. f4 Bd6 6. Nf3 Qc7 7. O-O Nf6 8. Nbd2
cxd4 9. cxd4 Bd7 10. a3 h6 11. Ne5 a5 12. Qf3 Qb6 13. Kh1 Ne7 14. g4 Bb5 15.
Bxb5+ Qxb5 16. g5 Ne4 17. Nxe4 dxe4 18. Qg2 hxg5 19. Rg1 gxf4 20. Qxg7 Bxe5 21.
Qxe5 Qxe5 22. dxe5 f3 23. Bd2 Nf5 24. Rg4 Ke7 25. b4 Rad8 26. Be1 Rc8 27. Rxe4
Rc2 28. h4 f2 0-1

[Event "WinterChess sub 2200 enero 2013"]
[Site "Palma de Mallorca ESP"]
[Date "2013.01.15"]
[Round "4.6"]
[White "Fiol Company, Juan"]
[Black "Planas Gene, Juan"]
[Result "1-0"]
[WhiteElo "1935"]
[BlackElo "2109"]
[PlyCount "89"]
[EventDate "2013.01.12"]
[EventType "swiss"]
[EventRounds "9"]
[EventCountry "ESP"]
[Source "lmi"]
[SourceDate "2013.01.12"]

1. e4 e5 2. Nf3 Nf6 3. Nxe5 d6 4. Nf3 Nxe4 5. d4 d5 6. Bd3 Bd6 7. O-O O-O 8. c4
c6 9. Nc3 Nxc3 10. bxc3 Bg4 11. h3 Bh5 12. g4 Bg6 13. c5 Bc7 14. Re1 Nd7 15.
Bg5 f6 16. Be3 Bxd3 17. Qxd3 Re8 18. c4 Nf8 19. Nh4 dxc4 20. Qxc4+ Qd5 21.
Qxd5+ cxd5 22. f4 Re4 23. Ng2 Rae8 24. Kf2 Ba5 25. Red1 Ne6 26. Rd3 b6 27. f5
Nc7 28. cxb6 Bxb6 29. a4 Na6 30. a5 Nb4 31. Rd2 Bc7 32. Ra4 Bd6 33. Kf3 Rc8 34.
Rb2 Rc4 35. Rb3 h6 36. a6 Re7 37. Bf4 Nc6 38. Rxc4 dxc4 39. Rb7 Nxd4+ 40. Kf2
Re2+ 41. Kf1 Bc5 42. Nh4 c3 43. Rc7 Re4 44. Ng6 Ne2 45. Rxc5 1-0

[Event "WinterChess sub 2200 enero 2013"]
[Site "Palma de Mallorca ESP"]
[Date "2013.01.15"]
[Round "4.7"]
[White "Asensio Ramos, Enrique Fernando"]
[Black "Schenk Papke, Andres"]
[Result "1-0"]
[WhiteElo "1904"]
[BlackElo "2046"]
[PlyCount "67"]
[EventDate "2013.01.12"]
[EventType "swiss"]
[EventRounds "9"]
[EventCountry "ESP"]
[Source "lmi"]
[SourceDate "2013.01.12"]

1. d4 d5 2. Bf4 e6 3. e3 c5 4. Nf3 Qb6 5. Nc3 Nf6 6. Nb5 Na6 7. a4 Nh5 8. Bg5
h6 9. a5 Qc6 10. Ne5 hxg5 11. Nxc6 bxc6 12. Nc3 f5 13. Na4 cxd4 14. exd4 Bd6
15. Qd2 g4 16. Nc5 Nc7 17. a6 Rb8 18. b4 Kf7 19. g3 Nf6 20. Bg2 g6 21. h3 gxh3
22. Rxh3 Rxh3 23. Bxh3 Rb6 24. Bf1 Kg7 25. Bd3 e5 26. dxe5 Bxe5 27. O-O-O Nxa6
28. Bxa6 Ne4 29. Nxe4 Rxa6 30. Nc3 d4 31. Nb1 Ra1 32. Re1 Bf6 33. Kb2 Ra4 34.
Kb3 1-0

[Event "WinterChess sub 2200 enero 2013"]
[Site "Palma de Mallorca ESP"]
[Date "2013.01.15"]
[Round "4.8"]
[White "Moya Pol, Antonio"]
[Black "Torres Tur, Juan"]
[Result "0-1"]
[WhiteElo "1854"]
[BlackElo "2045"]
[PlyCount "100"]
[EventDate "2013.01.12"]
[EventType "swiss"]
[EventRounds "9"]
[EventCountry "ESP"]
[Source "lmi"]
[SourceDate "2013.01.12"]

1. c4 f5 2. g3 Nf6 3. Bg2 g6 4. d3 Bg7 5. Nc3 O-O 6. Nf3 d6 7. O-O e5 8. e4 Nc6
9. a3 fxe4 10. dxe4 Bg4 11. h3 Bxf3 12. Bxf3 Nd4 13. Bg2 Qd7 14. f4 Nh5 15. Kh2
Rf7 16. f5 Raf8 17. g4 Nf4 18. Bxf4 exf4 19. Ne2 Nxe2 20. Qxe2 Be5 21. Kh1 g5
22. Rad1 Qa4 23. Rf3 a6 24. Rfd3 Qxc4 25. Bf1 b5 26. Qe1 Qc6 27. b4 Rc8 28. Rc1
Qb6 29. Qe2 c5 30. bxc5 Rxc5 31. Rcd1 Qc6 32. Qa2 Kg7 33. Bg2 Rf6 34. Qf2 a5
35. Rd5 b4 36. axb4 axb4 37. Qa2 Rxd5 38. exd5 Qb7 39. Rc1 b3 40. Qa5 b2 41.
Qc7+ Rf7 42. Qxb7 Rxb7 43. Rb1 Rc7 44. Be4 Rc4 45. Bd3 Rd4 46. Rxb2 Rxd3 47.
Rb7+ Kf6 48. Rxh7 f3 49. Rh6+ Kg7 50. Kg1 Bg3 0-1

[Event "WinterChess sub 2200 enero 2013"]
[Site "Palma de Mallorca ESP"]
[Date "2013.01.15"]
[Round "4.9"]
[White "Figuerola Campins, Antonio"]
[Black "Gromovs, Sergejs"]
[Result "0-1"]
[WhiteElo "1889"]
[BlackElo "2001"]
[PlyCount "56"]
[EventDate "2013.01.12"]
[EventType "swiss"]
[EventRounds "9"]
[EventCountry "ESP"]
[Source "lmi"]
[SourceDate "2013.01.12"]

1. e4 d6 2. d4 Nf6 3. Nc3 g6 4. f3 Nbd7 5. Bc4 c6 6. a4 d5 7. exd5 Nb6 8. Bb3
Nbxd5 9. Nxd5 cxd5 10. Bf4 Bg7 11. Qd2 O-O 12. Ne2 a5 13. O-O b6 14. Rfe1 Ba6
15. Bh6 Rc8 16. Bxg7 Kxg7 17. Nf4 Qd6 18. Re5 e6 19. Nd3 Bc4 20. Bxc4 dxc4 21.
Nf2 Rfd8 22. Rd1 Qb4 23. Qxb4 axb4 24. Rb5 Nd5 25. a5 bxa5 26. Rxa5 Ne3 27. Rd2
c3 28. bxc3 Nc4 0-1

[Event "WinterChess sub 2200 enero 2013"]
[Site "Palma de Mallorca ESP"]
[Date "2013.01.15"]
[Round "4.10"]
[White "Cerdo Fernandez, Miguel"]
[Black "Terradas Calafell, Jaume"]
[Result "1-0"]
[WhiteElo "1946"]
[BlackElo "1784"]
[PlyCount "78"]
[EventDate "2013.01.12"]
[EventType "swiss"]
[EventRounds "9"]
[EventCountry "ESP"]
[Source "lmi"]
[SourceDate "2013.01.12"]

1. e4 e6 2. d4 d5 3. Nc3 Nf6 4. e5 Nfd7 5. f4 c5 6. Nf3 Nc6 7. Be3 Be7 8. Qd2
O-O 9. O-O-O c4 10. f5 b5 11. fxe6 fxe6 12. Nxb5 Qb6 13. Nd6 Rb8 14. c3 a5 15.
Bxc4 Bxd6 16. exd6 Ba6 17. Bxa6 Qxa6 18. Ng5 Qb6 19. Rhf1 Nf6 20. Qc2 Rb7 21.
Rde1 Rfb8 22. Re2 Rc8 23. a3 a4 24. Nxe6 Na5 25. Nc5 Rbb8 26. d7 Rd8 27. Bf4
Ra8 28. Bg5 Nb3+ 29. Nxb3 axb3 30. Qf5 Rf8 31. Bxf6 gxf6 32. Re7 Rf7 33. Rxf7
Kxf7 34. Qxd5+ Qe6 35. Qf3 Rd8 36. g4 h6 37. h4 Rxd7 38. g5 Rd6 39. gxf6 Rd5
1-0

[Event "WinterChess sub 2200 enero 2013"]
[Site "Palma de Mallorca ESP"]
[Date "2013.01.15"]
[Round "4.11"]
[White "Gimenez Garcia, Emilio"]
[Black "Martinez Vicario, Jose Maria"]
[Result "0-1"]
[WhiteElo "1840"]
[BlackElo "2131"]
[PlyCount "90"]
[EventDate "2013.01.12"]
[EventType "swiss"]
[EventRounds "9"]
[EventCountry "ESP"]
[Source "lmi"]
[SourceDate "2013.01.12"]

1. d4 f5 2. Bf4 Nf6 3. e3 g6 4. Bc4 Bg7 5. Nd2 e6 6. Ngf3 O-O 7. c3 a6 8. Be2
b6 9. Ne5 d6 10. Nd3 Nd5 11. Bg3 Ra7 12. h4 h6 13. c4 Ne7 14. Nf4 e5 15. dxe5
dxe5 16. Nd3 Nd7 17. Rb1 Bb7 18. O-O g5 19. f4 gxf4 20. exf4 e4 21. Ne5 Nxe5
22. fxe5 Ng6 23. Nb3 Qe7 24. c5 Nxe5 25. cxb6 cxb6 26. Qc2 Bd5 27. Rbc1 Qb4 28.
Be1 Qa4 29. Bd2 Rd7 30. Rf4 Bxb3 31. axb3 Qd4+ 32. Rf2 e3 33. Bxe3 Qxe3 34.
Bc4+ Kh8 35. Kh1 Ng4 36. Rf3 Qe5 37. g3 Rfd8 38. Qxf5 Qxf5 39. Rxf5 Rd1+ 40.
Rf1 R1d2 41. Rf4 Nf2+ 42. Rxf2 Rxf2 43. Bxa6 Bxb2 44. Re1 Rdd2 45. Re8+ Kg7 0-1

[Event "WinterChess sub 2200 enero 2013"]
[Site "Palma de Mallorca ESP"]
[Date "2013.01.15"]
[Round "4.12"]
[White "Caliz Morales, Felipe"]
[Black "Prill, Gerhard"]
[Result "1-0"]
[WhiteElo "1838"]
[BlackElo "2056"]
[PlyCount "91"]
[EventDate "2013.01.12"]
[EventType "swiss"]
[EventRounds "9"]
[EventCountry "ESP"]
[Source "lmi"]
[SourceDate "2013.01.12"]

1. Nf3 Nf6 2. g3 d5 3. c4 e6 4. b3 Be7 5. Bb2 O-O 6. Bg2 a5 7. cxd5 exd5 8. O-O
h6 9. d3 c6 10. Nbd2 Bg4 11. h3 Bf5 12. Nd4 Bh7 13. e4 Nbd7 14. Re1 Nc5 15. Qc2
Qc7 16. Rac1 Rfe8 17. Nf5 Bxf5 18. exf5 Na6 19. g4 Nb4 20. Qb1 Rac8 21. a3 Na6
22. Nf3 c5 23. Qc2 b6 24. Qd2 Nh7 25. Ne5 Qd6 26. f4 Nb8 27. d4 Qd8 28. Kh1
cxd4 29. Qxd4 Bc5 30. Qxd5 Qxd5 31. Bxd5 Rf8 32. Red1 Nf6 33. Bc4 Ne4 34. Kg2
Nd6 35. Bd5 Rcd8 36. b4 axb4 37. axb4 Bxb4 38. Rc7 Bc5 39. Nxf7 Nxf7 40. Bxf7+
Kh8 41. Rxd8 Rxd8 42. Be5 Na6 43. Rb7 Nb4 44. Bc4 Bf8 45. Rxb6 Nc2 46. Rxh6#
1-0

[Event "WinterChess sub 2200 enero 2013"]
[Site "Palma de Mallorca ESP"]
[Date "2013.01.15"]
[Round "4.13"]
[White "Trillo-Figueroa Vidal, Antonio"]
[Black "Juan Mas, Santiago"]
[Result "0-1"]
[WhiteElo "1743"]
[BlackElo "2025"]
[PlyCount "48"]
[EventDate "2013.01.12"]
[EventType "swiss"]
[EventRounds "9"]
[EventCountry "ESP"]
[Source "lmi"]
[SourceDate "2013.01.12"]

1. e4 g6 2. d4 Bg7 3. Nf3 d6 4. Bc4 e6 5. O-O a6 6. a4 Ne7 7. Nc3 b6 8. Qe2 Bb7
9. Rd1 h6 10. Be3 Nd7 11. Qd2 Nf6 12. Bd3 g5 13. h3 g4 14. hxg4 Nxg4 15. Bf4
Ng6 16. Bg3 h5 17. d5 Bh6 18. Qe2 e5 19. Nh2 Bc8 20. Nxg4 hxg4 21. f3 Nf4 22.
Qf2 gxf3 23. Bxf4 Bxf4 24. g3 Rg8 0-1

[Event "WinterChess sub 2200 enero 2013"]
[Site "Palma de Mallorca ESP"]
[Date "2013.01.15"]
[Round "4.14"]
[White "Sanchez Fernandez, Jose Joaqui"]
[Black "Ballester Cladera, Antonio"]
[Result "1/2-1/2"]
[WhiteElo "1989"]
[BlackElo "1787"]
[PlyCount "74"]
[EventDate "2013.01.12"]
[EventType "swiss"]
[EventRounds "9"]
[EventCountry "ESP"]
[Source "lmi"]
[SourceDate "2013.01.12"]

1. e4 c5 2. Nc3 Nc6 3. f4 d6 4. Nf3 g6 5. Bc4 Na5 6. Bb5+ Bd7 7. Qe2 a6 8.
Bxd7+ Qxd7 9. Nd5 Qd8 10. O-O e6 11. Nc3 Ne7 12. d3 Bg7 13. f5 gxf5 14. Bg5 Qc7
15. Bxe7 Qxe7 16. exf5 O-O-O 17. Rae1 Bxc3 18. bxc3 Rde8 19. Qe4 Nc6 20. f6 Qd7
21. d4 d5 22. Qf4 c4 23. Rb1 Qc7 24. Ne5 Nxe5 25. dxe5 Qc5+ 26. Qd4 Qxd4+ 27.
cxd4 Kc7 28. Rf3 Reg8 29. h3 Rg5 30. Kf2 Rhg8 31. g3 h5 32. a4 Kc6 33. a5 Kc7
34. Rb6 R5g6 35. c3 Rg5 36. Kg2 R5g6 37. Rb2 Kc6 1/2-1/2

[Event "WinterChess sub 2200 enero 2013"]
[Site "Palma de Mallorca ESP"]
[Date "2013.01.15"]
[Round "4.15"]
[White "Nadal Marti, Bernardo Pedro"]
[Black "Abrines Sampol, Lorenzo"]
[Result "1-0"]
[WhiteElo "1941"]
[BlackElo "1701"]
[PlyCount "120"]
[EventDate "2013.01.12"]
[EventType "swiss"]
[EventRounds "9"]
[EventCountry "ESP"]
[Source "lmi"]
[SourceDate "2013.01.12"]

1. d4 Nf6 2. c4 e5 3. dxe5 Ng4 4. Nh3 Nxe5 5. e3 Bb4+ 6. Bd2 Qe7 7. Nf4 c6 8.
a3 Bxd2+ 9. Qxd2 O-O 10. Nc3 Ng6 11. g3 d6 12. Bd3 Nxf4 13. gxf4 f5 14. h4 Be6
15. Be2 Na6 16. O-O-O Rad8 17. Qd4 Nc5 18. Kc2 a5 19. Rdg1 Rf6 20. h5 a4 21.
Rg5 b5 22. Rhg1 Rf7 23. cxb5 Bb3+ 24. Kb1 Ne6 25. Qb6 Nxg5 26. fxg5 cxb5 27.
Bxb5 Rc8 28. Qd4 Qe5 29. Qxe5 dxe5 30. Bxa4 Bxa4 31. Nxa4 f4 32. e4 Rc4 33. Nc3
Rd7 34. Kc2 Rcd4 35. Rd1 Kf7 36. Rxd4 Rxd4 37. b4 Ke6 38. f3 Kd7 39. Nd5 Kd6
40. h6 gxh6 41. gxh6 Ke6 42. b5 Rc4+ 43. Kb2 Rc5 44. a4 Rc4 45. b6 Rc8 46. a5
Kd6 47. b7 Rb8 48. a6 Kc6 49. Kc3 Rf8 50. Kb4 Rd8 51. Ka5 Rf8 52. Nf6 Kc7 53.
Nxh7 Rh8 54. Nf6 Rxh6 55. Nd5+ Kb8 56. Kb5 Rh1 57. Nb4 Rh8 58. Nc6+ Kc7 59.
b8=Q+ Rxb8+ 60. Nxb8 Kxb8 1-0

[Event "WinterChess sub 2200 enero 2013"]
[Site "Palma de Mallorca ESP"]
[Date "2013.01.15"]
[Round "4.16"]
[White "Nadal Tur, Antonio"]
[Black "Oliver Marquet, Juan"]
[Result "1/2-1/2"]
[WhiteElo "1706"]
[BlackElo "1857"]
[PlyCount "37"]
[EventDate "2013.01.12"]
[EventType "swiss"]
[EventRounds "9"]
[EventCountry "ESP"]
[Source "lmi"]
[SourceDate "2013.01.12"]

1. e4 d5 2. exd5 Qxd5 3. Nc3 Qd6 4. Nf3 Nf6 5. d4 Nc6 6. Be2 Bf5 7. Nb5 Qd7 8.
c3 a6 9. Na3 e6 10. Nc4 Bd6 11. Nxd6+ cxd6 12. O-O h6 13. Re1 O-O 14. Bd3 Bxd3
15. Qxd3 Rac8 16. Nh4 d5 17. Qg3 Kh7 18. Qd3+ Kg8 19. Qg3 1/2-1/2

[Event "WinterChess sub 2200 enero 2013"]
[Site "Palma de Mallorca ESP"]
[Date "2013.01.15"]
[Round "4.17"]
[White "Jaume Pons, Antonio"]
[Black "Nadal Bestard, Sebastia"]
[Result "0-1"]
[WhiteElo "1716"]
[BlackElo "1852"]
[PlyCount "102"]
[EventDate "2013.01.12"]
[EventType "swiss"]
[EventRounds "9"]
[EventCountry "ESP"]
[Source "lmi"]
[SourceDate "2013.01.12"]

1. e4 c5 2. Nf3 Nc6 3. Nc3 g6 4. d3 Bg7 5. g3 d6 6. Bg2 Nf6 7. O-O O-O 8. Be3
Bd7 9. Re1 Qb6 10. Na4 Qa5 11. Nc3 Rac8 12. Nd2 b5 13. a3 Ng4 14. Nb3 Qa6 15.
Bxc5 dxc5 16. Nxc5 Qb6 17. Nxd7 Qxf2+ 18. Kh1 Ne3 19. Rxe3 Qxe3 20. Nd5 Qg5 21.
Nxf8 Rxf8 22. c3 Ne5 23. Qe2 e6 24. Nf4 Rd8 25. d4 Nc4 26. e5 a6 27. a4 h5 28.
axb5 axb5 29. b3 Nxe5 30. dxe5 Bxe5 31. Rf1 Bxc3 32. Rd1 Rf8 33. Bh3 e5 34.
Qxb5 Qf6 35. Nd5 Qf3+ 36. Bg2 Qxd1+ 37. Bf1 Bd4 38. Nf6+ Kg7 39. Ne4 Rb8 40.
Qd3 Qxd3 41. Bxd3 Rxb3 42. Bc4 Rb1+ 43. Kg2 f5 44. Ng5 Rb2+ 45. Kh3 Kf6 46.
Nh7+ Ke7 47. Ng5 e4 48. Ne6 Bg1 49. Kh4 Be3 50. h3 Kf6 51. Bd5 g5+ 0-1